HRM Practices In Private Sugar Mills / (Record no. 195269)

MARC details
000 -LEADER
fixed length control field 00643nam a22001937a 4500
005 - DATE AND TIME OF LATEST TRANSACTION
control field 20230317121212.0
010 ## - LCCN (DPL NO)
LC control number ENG-136436
020 ## - INTERNATIONAL STANDARD BOOK NUMBER
Terms of availability 250.00
International Standard Book Number 9789388805117
035 ## - SYSTEM CONTROL NUMBER
System control number EN-119968
037 ## - SOURCE OF ACQUISITION
Source of stock number/acquisition DBAD/PUB
082 ## - DEWEY DECIMAL CLASSIFICATION NUMBER
Classification number 331.2046
100 ## - MAIN ENTRY--PERSONAL NAME
Personal name Satheeskumar,L
245 ## - TITLE STATEMENT
Title HRM Practices In Private Sugar Mills /
Statement of responsibility, etc By L. Satheeskumar
250 ## - EDITION STATEMENT
Edition statement First
260 ## - PUBLICATION, DISTRIBUTION, ETC. (IMPRINT)
Name of publisher, distributor, etc Archers & Elevators Publishing House
Place of publication, distribution, etc Bangalore
Date of publication, distribution, etc 2018
270 ## - ADDRESS
Address 131 AGB Lay Out, 6"Cross, Hesaraghatta,Main Road
City Bangalore
Postal code 560090
Telephone number 9164362263
Electronic mail address archerselevators@gamail.com
300 ## - PHYSICAL DESCRIPTION
Extent 150p.
Dimensions 23cm(pbk)
942 ## - ADDED ENTRY ELEMENTS (KOHA)
Source of classification or shelving scheme Dewey Decimal Classification
Item type English Books
Classification part 331.2046
Call number suffix HRM
Holdings
Withdrawn status Lost status Not for loan Collection code Home library Current library Date acquired Source of acquisition Cost, normal purchase price Full call number Barcode Copy number Cost, replacement price Koha item type
      Non-fiction Katevara Katevara 16/03/2023 DBAD/PUB 250.00 331.2046 HRM EN-119968 1 250.00 English Books

© Delhi Public Library
Hit Counter
free hit counter